| 000 | 01887nam a2200253 a 4500 | ||
|---|---|---|---|
| 001 | 000037713 | ||
| 003 | DO-SdBNP | ||
| 005 | 20210809093159.0 | ||
| 008 | 121115s2012 dr a 000 0 spa d | ||
| 020 | _a9789945164954 | ||
| 040 |
_aBPMSU _bspa _cBPMSU |
||
| 082 |
_a362.8292 _bR763v 2012 _222 |
||
| 100 | 1 |
_aRomero, Lino _d1930- |
|
| 245 | 1 | 0 |
_aViolencia intrafamiliar un enfoque socio-cultural : _bvulnerabilidad y agresión en la historia dominicana / _cLino Romero. |
| 260 |
_aSanto Domingo : _bBúho , _c2012. |
||
| 300 |
_axvii, 243 p. : _bil. ; _c23 cm. |
||
| 500 | _aIncluye datos biográficos del autor en la solapa de la cubierta | ||
| 505 | 0 | _aDefinición, concepto e historia -- Esquemas -- Origen del vocablo feminicidio -- Predictores de violencia -- Factores que pueden incrementar la violencia intrafamiliar -- Análisis del cuadro pintado por Yoryi Morel en 1978 -- Padres irresponsables -- El machismo, la violencia doméstica -- Sado-masoquismo -- La mujer emocionalmente debe ser comprendida a fin de resolver sus problemas emocionales -- El homicidio en niños y jóvenes -- Violación de niños -- Incesto -- Estudios de casos especiales de violencia contra la mujer -- Peloteros y la violencia contra la mujer -- Casos excepcionales de violencia intrafamiliar -- Armas de fuego -- Estudio comparativo de la violencia intrafamiliar en la República Dominicana y los Estados Unidos -- El valor de divorciarse -- Las preguntas más frecuentes en los casos de violencia intrafamiliar -- Mitos sobre la violencia intrafamiliar -- Agencias comunitarias sin fines de lucro participantes en estudios de violencia intrafamiliar en la República Dominicana. | |
| 590 | _6Inventariado, 2021/VM | ||
| 650 | 4 |
_aViolencia conyugal _zRepública Dominicana |
|
| 650 | 4 |
_aMujeres _xCondiciones sociales _zRepública Dominicana |
|
| 910 | _aVMateo V. | ||
| 942 |
_2ddc _cBK |
||
| 999 |
_c12565 _d12565 |
||